000
00267nam a2200109Ia 4500
008
220204s9999 xx 000 0 und d
082
_a
82-3
_b
AND
100
_a
Anderson, Patrick
245
4
_a
The President's mistress
260
_a
New York
_b
Pocket
_c
1976
942
_c
BK
999
_c
28480
_d
28480